Statistiques concernant Pokémon de la huitième génération

Cliquez ici pour prendre le quiz!

Statistiques générales

  • Ce quiz a été pris 257 fois
    (251 depuis la dernière actualisation)
  • Le résultat moyen est 24 sur 81

Statistiques - réponses

Pokémon% Correct
Pyrobut
82%
Flambino
79%
Larméléon
79%
Ouistempo
78%
Badabouin
69%
Lapyro
69%
Gorythmic
68%
Zacian
65%
Lézargus
64%
Zamazenta
62%
Corvaillus
57%
Arrozard
55%
Minisange
55%
Bleuseille
50%
Moumouton
47%
Ethernatos
46%
Rongourmand
45%
Moumouflon
40%
Rongrigou
40%
Voltoutou
36%
Lanssorien
34%
Roublenard
32%
Astronelle
31%
Charbi
31%
Coléodôme
31%
Fulgudog
30%
Torgamord
29%
Angoliath
27%
Dispareptil
27%
Goupilou
27%
Grimalin
27%
Scolocendre
26%
Ixon
25%
Monthracite
25%
Wagomine
25%
Bekaglaçon
24%
Blancoton
24%
Fantyrm
24%
Sorcilence
24%
Tournicoton
24%
Dolman
23%
Hydragon
23%
Duralugon
22%
Beldeneige
21%
Chapotus
21%
Frissonille
21%
Palarticho
21%
Salarsen
21%
Charmilly
20%
Grillepattes
20%
M. Glaquette
20%
Fourbelin
19%
Galvagon
19%
Crèmy
18%
Embrochet
18%
Galvagla
18%
Khélokroc
18%
Pomdrapi
18%
Toxizap
18%
Verpom
18%
Dratatin
17%
Hexadron
17%
Nigosier
17%
Berserkatt
15%
Dunaconda
15%
Dunaja
15%
Hastacuda
15%
Théffroi
15%
Morpeko
14%
Watapik
14%
Wimessir
14%
Charibari
13%
Larvadard
13%
Polthégeist
13%
Corayôme
12%
Krakos
11%
Pachyradjah
11%
Poulpaf
11%
Toutétékri
8%
Hydralga
7%
Bibichou
5%

Distribution des résultats

Percentile par nombre de réponses

% des personnes avec chaque résultat

Votre développement - résultats

Vous n’avez pas pris ce quiz depuis la dernière actualisation